|
|
|
|
| LEADER |
00000nam a2200000 a 4500 |
| 001 |
vtls009326348 |
| 003 |
SK-MaSNL |
| 005 |
20260301210847.0 |
| 008 |
240315s2007 it f b 000 0 ita |
| 020 |
|
|
|a 9788889081099
|q (brož.)
|
| 040 |
|
|
|a SNK
|b slo
|c SNK
|e AACR2
|
| 041 |
1 |
|
|a ita
|a ger
|h ger
|
| 043 |
|
|
|a e------
|
| 044 |
|
|
|a it
|c IT
|
| 072 |
|
7 |
|a 27-5
|x Liturgia. Kresťanské umenie a symbolika. Duchovný život
|2 konspekt
|
| 080 |
|
|
|a 27-52:904
|2 2001
|
| 080 |
|
|
|a 72:904
|2 2001
|
| 080 |
|
|
|a 904
|2 2001
|
| 080 |
|
|
|a 726.95
|2 2001
|
| 080 |
|
|
|a 7.032/038:27
|2 2001
|
| 080 |
|
|
|a (4)
|2 2001
|
| 080 |
|
|
|a (01)
|2 2001
|
| 100 |
1 |
|
|a Quietzsch, Harald,
|d 1936-
|4 aut
|9 594930
|
| 245 |
1 |
0 |
|a La Passione nel paesaggio
|b bibliografia tedesca : bibiografia dei Sacri Monti, Calvari e Complessi devozionali
|c Harald Quietzsch
|
| 246 |
3 |
0 |
|a Bibliografia tedesca
|
| 246 |
3 |
0 |
|a Bibiografia dei Sacri Monti, Calvari e Complessi devozionali
|
| 246 |
1 |
1 |
|a Passion in der Landschaft
|
| 250 |
|
|
|a 1. ed.
|
| 260 |
|
|
|a Ponzano Monferrato
|b Atlas
|c 2007
|
| 300 |
|
|
|a 157 s.
|c 24 cm
|
| 500 |
|
|
|a Rozložená titulná strana
|
| 546 |
|
|
|a Súbežný text nem.
|
| 650 |
0 |
7 |
|a cirkevné pamiatky
|2 SNKPH
|9 29576
|
| 650 |
0 |
7 |
|a architektonické pamiatky
|2 SNKPH
|9 28990
|
| 650 |
0 |
7 |
|a kultúrne pamiatky
|2 SNKPH
|9 2862
|
| 650 |
0 |
7 |
|a kalvárie
|2 SNKPH
|9 3025
|
| 650 |
0 |
7 |
|a krížové cesty
|2 SNKPH
|9 24026
|
| 650 |
0 |
7 |
|a kresťanské umenie
|2 SNKPH
|9 1061
|
| 651 |
|
7 |
|a Európa
|2 SNKPH
|9 167569
|
| 655 |
|
7 |
|a bibliografie
|2 SNKPH
|9 28668
|
| 919 |
|
|
|a 978-88-89081-09-9
|
| 999 |
|
|
|c 915021
|d 916951
|
| 952 |
|
|
|a SNK
|b SNK
|y VYP
|7 0
|p 17A0569896
|o snkIC 136836
|i snk2008/15976
|8 1
|0 0
|1 0
|4 0
|d 2008-08-26
|l 0
|r 2026-02-24 07:56:46
|w 2026-02-24
|